[Event "OLNO 2122 TSG Oberschöneweide - SK Kö"]
[Site "?"]
[Date "2021.10.31"]
[Round "1.6"]
[White "Boewer, Roland"]
[Black "Wierzbicki, Jirawat"]
[Result "1/2-1/2"]
[WhiteElo "2160"]
[BlackElo "2149"]
[PlyCount "55"]
[EventDate "2021.??.??"]

1. Nf3 d5 2. d3 c6 3. Nbd2 Nf6 4. e4 dxe4 5. dxe4 Bg4 6. Bc4 e6 7. O-O Nbd7 8.
Re1 Qc7 9. Be2 Bc5 10. c3 a5 11. Nd4 Bxe2 12. Qxe2 e5 13. N4b3 Be7 14. a4 O-O
15. Nc4 Nc5 16. Nxc5 Bxc5 17. Bg5 Nd7 18. Rad1 Nb6 19. b3 f6 20. Nxb6 Qxb6 21.
Qc4+ Kh8 22. Be3 Bxe3 23. Rxe3 Rad8 24. Red3 Rxd3 25. Rxd3 Rd8 26. Qc5 Qc7 27.
Qe3 h6 28. Qd2 1/2-1/2

[Event "OLNO 2122 TSG Oberschöneweide - SK Kö"]
[Site "?"]
[Date "2021.10.31"]
[Round "1.7"]
[White "Acikel, Mert"]
[Black "Lange, Cecilia"]
[Result "1-0"]
[WhiteElo "2162"]
[BlackElo "1965"]
[PlyCount "99"]
[EventDate "2021.??.??"]

1. e4 e6 2. d4 d5 3. Nd2 Nf6 4. e5 Nfd7 5. Bd3 c5 6. c3 Nc6 7. Ne2 cxd4 8. cxd4
f6 9. exf6 Nxf6 10. O-O Bd6 11. Nf3 Qc7 12. h3 O-O 13. Be3 Bd7 14. Rc1 Be8 15.
Ng5 Bf7 16. f4 h6 17. Nf3 Bh5 18. g4 Bxg4 19. hxg4 Nxg4 20. Qd2 Nxe3 21. Qxe3
Rae8 22. Ne5 Bxe5 23. fxe5 Qe7 24. Qg3 Rxf1+ 25. Rxf1 Rf8 26. Rxf8+ Qxf8 27.
Qg6 Qf7 28. Qh7+ Kf8 29. Bg6 Qg8 30. Qxg8+ Kxg8 31. Kf2 Ne7 32. Nf4 Nxg6 33.
Nxg6 Kf7 34. Nf4 g5 35. Nh5 Kg6 36. Nf6 h5 37. Kf3 h4 38. Kg4 h3 39. Kxh3 Kf5
40. Kg3 g4 41. a4 a5 42. b3 b6 43. Nxg4 Ke4 44. Nf6+ Kxd4 45. Kf4 Kc3 46. Nxd5+
exd5 47. e6 d4 48. e7 d3 49. e8=Q d2 50. Qe2 1-0

[Event "OLNO 2122 TSG Oberschöneweide - SK Kö"]
[Site "?"]
[Date "2021.10.31"]
[Round "1.8"]
[White "Hoeckendorf, Hartmut"]
[Black "Niehaus, Frank"]
[Result "1-0"]
[WhiteElo "2135"]
[BlackElo "2055"]
[PlyCount "81"]
[EventDate "2021.??.??"]

1. e4 c5 2. Nf3 d6 3. d4 cxd4 4. Qxd4 Nc6 5. Bb5 Bd7 6. Bxc6 Bxc6 7. c4 Nf6 8.
Nc3 g6 9. O-O Bg7 10. Qd3 O-O 11. Re1 a6 12. Nd4 Nd7 13. Nxc6 bxc6 14. Be3 Qa5
15. Rac1 Ne5 16. Qe2 f5 17. exf5 gxf5 18. f3 Kh8 19. Red1 Ng6 20. f4 Rae8 21.
Qf2 Qc7 22. h3 Rg8 23. Kh1 Ref8 24. b4 Rb8 25. a3 Bf6 26. Bd4 e5 27. fxe5 dxe5
28. Bc5 Qg7 29. Ne2 f4 30. Rc2 Nh4 31. Nc3 Qh6 32. Qf1 Nxg2 33. Rxg2 Qxh3+ 34.
Rh2 Qxc3 35. Rd3 Qxd3 36. Qxd3 Rg7 37. Qe4 Rbg8 38. Bf2 Rg6 39. Qxc6 Bh4 40.
Qc7 Bxf2 41. Qxh7# 1-0

[Event "OLNO 2122 SV Empor Berlin - SV Glückau"]
[Site "?"]
[Date "2021.10.31"]
[Round "1.1"]
[White "Leniart, Arkadiusz"]
[Black "Volke, Karsten"]
[Result "1-0"]
[WhiteElo "2465"]
[BlackElo "2452"]
[PlyCount "69"]
[EventDate "2021.??.??"]

1. e4 d6 2. d4 Nf6 3. Nc3 g6 4. Bg5 Bg7 5. Qd2 h6 6. Bf4 g5 7. Bg3 Nh5 8. Bc4
Nxg3 9. hxg3 c6 10. Nge2 b5 11. Bb3 a5 12. a4 b4 13. Nd1 Ba6 14. Ne3 e6 15. f4
Nd7 16. c4 bxc3 17. bxc3 Nf6 18. Bc2 Rb8 19. e5 dxe5 20. fxe5 Nd5 21. O-O c5
22. Rf2 cxd4 23. Nxd4 Nxe3 24. Qxe3 Qd5 25. Be4 Qxe5 26. Bc6+ Ke7 27. Qf3 f5
28. Qh5 Rhd8 29. Be8 Qf6 30. Bb5 Bb7 31. Re1 Rxd4 32. cxd4 Bd5 33. Rc1 Rb7 34.
Qe8+ Kd6 35. Rc6+ 1-0

[Event "OLNO 2122 SV Empor Berlin - SV Glückau"]
[Site "?"]
[Date "2021.10.31"]
[Round "1.2"]
[White "Foerster, Jonas"]
[Black "Klimkowski, Jan"]
[Result "0-1"]
[WhiteElo "2307"]
[BlackElo "2366"]
[PlyCount "84"]
[EventDate "2021.??.??"]

1. d4 Nf6 2. Nf3 e6 3. c4 d5 4. Nc3 Be7 5. Bg5 O-O 6. e3 Nbd7 7. Rc1 c6 8. a3
Re8 9. Bd3 h6 10. Bh4 dxc4 11. Bxc4 a6 12. O-O b5 13. Ba2 Bb7 14. e4 c5 15.
Bxf6 Bxf6 16. dxc5 Nxc5 17. Qxd8 Rexd8 18. e5 Be7 19. Bb1 Nb3 20. Rcd1 Bxf3 21.
gxf3 Nd2 22. Be4 Rab8 23. Rfe1 b4 24. Nb1 Nc4 25. Rxd8+ Rxd8 26. Bb7 Nxb2 27.
axb4 Bxb4 28. Rc1 a5 29. Kf1 g5 30. Be4 Rd4 31. Nc3 Bxc3 32. Rxc3 Nc4 33. Ke2
Kg7 34. Bb1 Nxe5 35. Rc5 Ng6 36. Rxa5 Rh4 37. Ra7 Nf4+ 38. Ke3 Rxh2 39. Be4 Rh1
40. Ra5 Kf6 41. Ra8 Re1+ 42. Kd4 Kg7 0-1

[Event "OLNO 2122 SV Empor Berlin - SV Glückau"]
[Site "?"]
[Date "2021.10.31"]
[Round "1.3"]
[White "Steczek, Marcin"]
[Black "Sulayev, Daniel"]
[Result "1/2-1/2"]
[WhiteElo "2364"]
[BlackElo "2194"]
[PlyCount "56"]
[EventDate "2021.??.??"]

1. Nf3 c5 2. b3 b6 3. Bb2 Bb7 4. e3 e6 5. Be2 Nf6 6. O-O Be7 7. c4 O-O 8. Nc3
Nc6 9. d4 cxd4 10. Nxd4 Rc8 11. Bf3 Qc7 12. Nde2 Rfd8 13. Rc1 Qb8 14. Nf4 d5
15. cxd5 Nb4 16. a3 Nbxd5 17. Ncxd5 Nxd5 18. Rxc8 Qxc8 19. Bxd5 Bxd5 20. Qg4 g6
21. Nxd5 Rxd5 22. Rc1 Qd8 23. g3 Bf6 24. Bxf6 Qxf6 25. a4 Rd2 26. Qf4 Qxf4 27.
gxf4 Rd3 28. Rb1 Kf8 1/2-1/2

[Event "OLNO 2122 SV Empor Berlin - SV Glückau"]
[Site "?"]
[Date "2021.10.31"]
[Round "1.4"]
[White "Szajbely, Zsigmond"]
[Black "Szadkowski, Kamil"]
[Result "1/2-1/2"]
[WhiteElo "2249"]
[BlackElo "2338"]
[PlyCount "99"]
[EventDate "2021.??.??"]

1. e4 c5 2. Nf3 d6 3. d4 cxd4 4. Nxd4 Nf6 5. Nc3 a6 6. Be3 e5 7. Nb3 Be6 8. f3
h5 9. Nd5 Bxd5 10. exd5 g6 11. Qd2 Bg7 12. Be2 O-O 13. O-O b6 14. Rac1 Nbd7 15.
c4 a5 16. h3 Nc5 17. Na1 Nfd7 18. Nc2 Kh7 19. Na3 f5 20. Nb5 f4 21. Bxc5 Nxc5
22. Qc2 Bf6 23. b3 Kh6 24. a3 a4 25. b4 Nb3 26. Rcd1 Rg8 27. Qe4 Qd7 28. Bd3
Rae8 29. Bc2 Nd4 30. Bxa4 Nf5 31. Nc3 Qa7 32. Bxe8 Rxe8 33. Nb5 Qa4 34. Rc1 Rc8
35. Qd3 Be7 36. Rfe1 Bh4 37. Red1 Be7 38. Kh2 Ne3 39. Re1 Qa6 40. Rc3 Nf5 41.
c5 bxc5 42. bxc5 Bh4 43. Rec1 Bg3+ 44. Kg1 dxc5 45. d6 c4 46. d7 Qb6+ 47. Kh1
Rd8 48. Qxc4 Rxd7 49. Qe2 Bf2 50. Kh2 1/2-1/2

[Event "OLNO 2122 SV Empor Berlin - SV Glückau"]
[Site "?"]
[Date "2021.10.31"]
[Round "1.5"]
[White "Janaszak, Dawid"]
[Black "Atkinson, Paul"]
[Result "1-0"]
[WhiteElo "2328"]
[BlackElo "2111"]
[PlyCount "50"]
[EventDate "2021.??.??"]

1. e4 e5 2. Nf3 Nc6 3. d4 exd4 4. Nxd4 Nf6 5. Nxc6 bxc6 6. e5 Nd5 7. c4 Nb6 8.
Bd3 Ba6 9. Qe2 Bb4+ 10. Nd2 Qe7 11. O-O Qe6 12. b3 d5 13. exd6 Qxe2 14. d7+
Nxd7 15. Bxe2 O-O-O 16. Nf3 Bc3 17. Rb1 c5 18. Be3 Rde8 19. Rfd1 Bb7 20. Ng5
Re7 21. Kf1 f6 22. Nh3 Be5 23. Bg4 Kb8 24. Bxc5 Bd6 25. Bxd6 cxd6 1-0

[Event "OLNO 2122 SV Empor Berlin - SV Glückau"]
[Site "?"]
[Date "2021.10.31"]
[Round "1.6"]
[White "Dimitriadis, Pavlos"]
[Black "Dudzinski, Piotr"]
[Result "1/2-1/2"]
[WhiteElo "1972"]
[BlackElo "2317"]
[PlyCount "72"]
[EventDate "2021.??.??"]

1. e4 e6 2. d4 d5 3. Nc3 dxe4 4. Nxe4 Bd7 5. Nf3 Bc6 6. Bd3 Nd7 7. Qe2 Ngf6 8.
O-O Be7 9. c4 Bxe4 10. Bxe4 Nxe4 11. Qxe4 c6 12. Rd1 O-O 13. Bf4 Qa5 14. a3 Qh5
15. h3 Rfd8 16. Rd3 Rac8 17. Rad1 Qg6 18. Qe3 Nf6 19. d5 cxd5 20. cxd5 Bc5 21.
dxe6 Re8 22. Ne5 Bxe3 23. Nxg6 Bxf2+ 24. Kxf2 fxg6 25. Re1 Rc6 26. Rd7 Rc2+ 27.
Rd2 Rc4 28. Kf3 h6 29. g4 g5 30. Bg3 a5 31. Re5 Rc6 32. Rde2 a4 33. Be1 Kh7 34.
Bb4 Kg6 35. e7 Kf7 36. Ba5 Ng8 1/2-1/2

[Event "OLNO 2122 SK König Tegel II - SV Empor"]
[Site "?"]
[Date "2021.11.21"]
[Round "2.1"]
[White "Volke, Karsten"]
[Black "Giemsa, Stephan"]
[Result "1-0"]
[WhiteElo "2452"]
[BlackElo "2294"]
[PlyCount "57"]
[EventDate "2021.??.??"]

1. e4 e6 2. d4 d5 3. e5 c5 4. c3 Nc6 5. Nf3 Qb6 6. Bd3 cxd4 7. O-O Bd7 8. Re1
Nge7 9. Na3 dxc3 10. bxc3 a6 11. c4 Qc7 12. Bb2 dxc4 13. Nxc4 Nd5 14. Ng5 b5
15. Nd6+ Bxd6 16. exd6 Qxd6 17. Qf3 Qe7 18. Qg3 Nf6 19. a4 b4 20. Rac1 Nh5 21.
Qg4 Nf6 22. Qg3 Nh5 23. Qg4 Nf6 24. Qf3 Nd5 25. Be4 Qxg5 26. Bxd5 Rc8 27. Bxc6
Rxc6 28. Rxc6 Qd2 29. Rcc1 1-0

[Event "OLNO 2122 SK König Tegel II - SV Empor"]
[Site "?"]
[Date "2021.11.21"]
[Round "2.2"]
[White "Rietze, Clemens"]
[Black "Thinius, Marco"]
[Result "1/2-1/2"]
[WhiteElo "2270"]
[BlackElo "2391"]
[PlyCount "164"]
[EventDate "2021.??.??"]

1. d4 Nf6 2. c4 e6 3. Nf3 Bb4+ 4. Bd2 a5 5. g3 d6 6. Bg2 Nbd7 7. O-O e5 8. Be3
O-O 9. a3 exd4 10. Bxd4 Bc5 11. Nc3 Re8 12. Qc2 c6 13. Rfd1 Qe7 14. Rab1 Nb6
15. Ng5 Bxd4 16. Rxd4 h6 17. Nf3 c5 18. Rdd1 Nxc4 19. Nh4 Nb6 20. Nf5 Bxf5 21.
Qxf5 Rad8 22. b4 axb4 23. axb4 cxb4 24. Rxb4 Qc7 25. Ne4 Nxe4 26. Bxe4 g6 27.
Qf4 Qc5 28. Rdb1 Nd5 29. Bxd5 Qxd5 30. Qxh6 Qh5 31. Qxh5 gxh5 32. e3 d5 33.
Rxb7 d4 34. exd4 Rxd4 35. Rb8 Rxb8 36. Rxb8+ Kg7 37. h4 Kg6 38. Rg8+ Kh6 39.
Kg2 Rd3 40. Rg5 f5 41. Rxf5 Kg6 42. Rf3 Rd2 43. Re3 Ra2 44. Kf3 Rc2 45. Re2 Rc4
46. Re4 Rc2 47. Ke3 Ra2 48. Rd4 Ra3+ 49. Kf4 Ra1 50. Rc4 Rb1 51. f3 Rh1 52. Rc8
Ra1 53. Rg8+ Kf7 54. Rd8 Kg6 55. g4 Ra4+ 56. Kg3 Ra5 57. Rd6+ Kf7 58. Rc6 Rb5
59. Rc8 hxg4 60. Kxg4 Kg6 61. h5+ Kh6 62. f4 Kg7 63. Rc7+ Kh6 64. Rf7 Rxh5 65.
Rf6+ Kg7 66. Re6 Ra5 67. Rb6 Kf7 68. Rh6 Rb5 69. Rh7+ Kf6 70. Rd7 Ra5 71. Rd6+
Kf7 72. Kf3 Ra4 73. Rd5 Ke6 74. Rb5 Ra1 75. Rb6+ Kf5 76. Rb5+ Kf6 77. Kg3 Rg1+
78. Kf2 Rd1 79. Ke3 Ra1 80. Ke4 Ra4+ 81. Ke3 Ra3+ 82. Ke4 Ra4+ 1/2-1/2

[Event "OLNO 2122 SK König Tegel II - SV Empor"]
[Site "?"]
[Date "2021.11.21"]
[Round "2.3"]
[White "Foerster, Jonas"]
[Black "Dimitrijeski, Boris"]
[Result "0-1"]
[WhiteElo "2307"]
[BlackElo "2195"]
[PlyCount "48"]
[EventDate "2021.??.??"]

1. Nf3 d5 2. d4 Nf6 3. c4 c6 4. Nc3 e6 5. e3 Nbd7 6. Qc2 Bd6 7. g4 h6 8. Rg1 e5
9. Bd2 e4 10. Nh4 Bxh2 11. Rg2 Bb8 12. Be2 Nh7 13. Nf5 g6 14. Nxh6 Ng5 15. Nxf7
Rh1+ 16. Bf1 Nf3+ 17. Ke2 Qf6 18. Nxe4 Qxf7 19. Ng3 Bxg3 20. Rxg3 Nf6 21. cxd5
cxd5 22. Rxf3 Bxg4 23. Bb4 Rc8 24. Qa4+ Nd7 0-1

[Event "OLNO 2122 SK König Tegel II - SV Empor"]
[Site "?"]
[Date "2021.11.21"]
[Round "2.4"]
[White "Dimitrijeski, Kristian"]
[Black "Sulayev, Daniel"]
[Result "1/2-1/2"]
[WhiteElo "2133"]
[BlackElo "2194"]
[PlyCount "94"]
[EventDate "2021.??.??"]

1. Nf3 Nf6 2. c4 g6 3. Nc3 Bg7 4. d4 O-O 5. e4 d6 6. Be2 c5 7. O-O cxd4 8. Nxd4
Nc6 9. Be3 Bd7 10. f3 Nxd4 11. Bxd4 a5 12. Nd5 Nxd5 13. exd5 Qc7 14. Bxg7 Kxg7
15. Qd4+ Kg8 16. b3 b6 17. Bd3 Qc5 18. Qxc5 bxc5 19. Rfe1 Rfe8 20. a4 Rab8 21.
Bc2 Kg7 22. Kf2 Kf6 23. Re3 Rb7 24. Rae1 h5 25. R1e2 Bc8 26. Re1 Bf5 27. Bxf5
Kxf5 28. Rd3 Kf6 29. Ree3 Rd7 30. f4 Red8 31. Kf3 Rg8 32. g3 g5 33. fxg5+ Rxg5
34. Re4 Rf5+ 35. Rf4 Rd8 36. Ke4 Rxf4+ 37. Kxf4 Rg8 38. h3 Rg5 39. g4 hxg4 40.
hxg4 Re5 41. Rh3 Kg7 42. g5 Re1 43. Kf5 Rf1+ 44. Kg4 f5+ 45. gxf6+ Kxf6 46. Re3
e5 47. dxe6 Ke7 1/2-1/2

[Event "OLNO 2122 SK König Tegel II - SV Empor"]
[Site "?"]
[Date "2021.11.21"]
[Round "2.5"]
[White "Nitsche-Hahn, Raphael"]
[Black "Jahnz, Fabian"]
[Result "1/2-1/2"]
[WhiteElo "2082"]
[BlackElo "2240"]
[PlyCount "116"]
[EventDate "2021.??.??"]

1. d4 d5 2. Bf4 c5 3. e3 Nc6 4. c3 Bf5 5. Qb3 Qd7 6. dxc5 e5 7. Bg3 Bxc5 8. Nf3
f6 9. Be2 Nge7 10. Nbd2 O-O 11. e4 Be6 12. exd5 Nxd5 13. Ne4 Qe7 14. Nxc5 Qxc5
15. Qb5 Qe7 16. O-O Rfd8 17. Rfd1 Nb6 18. a4 Qf7 19. a5 Bc4 20. Qc5 Bxe2 21.
Rxd8+ Rxd8 22. axb6 Qb3 23. Re1 axb6 24. Qe3 Bxf3 25. gxf3 Qxb2 26. f4 Qd2 27.
fxe5 Qxe3 28. Rxe3 fxe5 29. Bxe5 Re8 30. f4 Kf7 31. Rd3 Nxe5 32. fxe5 Rxe5 33.
Rd7+ Re7 34. Rd6 b5 35. Rb6 Rc7 36. Kf2 g6 37. Rxb5 Ke6 38. c4 Kd6 39. Ke3 Kc6
40. Kd4 Rd7+ 41. Kc3 Rf7 42. Rb2 Rf4 43. Re2 Rh4 44. Re6+ Kc5 45. Re5+ Kd6 46.
Re2 g5 47. Kb4 Rh3 48. Kb5 Rb3+ 49. Ka4 Rb1 50. Rg2 h6 51. h4 gxh4 52. Rh2 Ke5
53. Rxh4 Rb6 54. c5 Rf6 55. Kb5 Rc6 56. Rh1 Kf5 57. Rf1+ Kg6 58. Rg1+ Kf7
1/2-1/2

[Event "OLNO 2122 SK König Tegel II - SV Empor"]
[Site "?"]
[Date "2021.11.21"]
[Round "2.6"]
[White "Wierzbicki, Jirawat"]
[Black "Atkinson, Paul"]
[Result "1-0"]
[WhiteElo "2149"]
[BlackElo "2111"]
[PlyCount "147"]
[EventDate "2021.??.??"]

1. e4 e5 2. Nf3 Nc6 3. Bc4 Bc5 4. O-O Nf6 5. d3 d6 6. c3 O-O 7. Nbd2 a6 8. Bb3
Ba7 9. h3 Ne7 10. Re1 Ng6 11. Nf1 Nh5 12. d4 Qe8 13. Ne3 Nhf4 14. Nd5 Nxd5 15.
Bxd5 c6 16. Bb3 Qe7 17. Ng5 h6 18. Qh5 Nf4 19. Bxf4 exf4 20. Nf3 Bd7 21. e5 d5
22. Bc2 Be6 23. Nh4 Qg5 24. Qxg5 hxg5 25. Nf3 g4 26. hxg4 Bxg4 27. Ng5 c5 28.
f3 Bd7 29. Rad1 cxd4 30. cxd4 Rfe8 31. Kf2 Rac8 32. Bb3 Be6 33. g3 fxg3+ 34.
Kxg3 Kf8 35. f4 g6 36. Nh7+ Ke7 37. Nf6 Red8 38. Kf3 b5 39. Ke3 a5 40. Rc1 a4
41. Bxd5 Rxc1 42. Rxc1 Bxd5 43. Rc7+ Ke6 44. Rxa7 Bxa2 45. Rb7 Kf5 46. Ne4 Rh8
47. Nf2 g5 48. fxg5 Bc4 49. Rd7 a3 50. bxa3 Ra8 51. Rd6 Rxa3+ 52. Kd2 Ra4 53.
Ke3 Ra3+ 54. Kd2 Kxg5 55. Rf6 b4 56. Ne4+ Kg4 57. Nf2+ Kg5 58. Rb6 Ra2+ 59. Ke3
Ra4 60. Ke4 Ra5 61. Rxb4 Bd5+ 62. Ke3 Ra3+ 63. Nd3 Kf5 64. Kd2 Ra2+ 65. Ke3 Rh2
66. Nf2 Rh4 67. Rb5 Ke6 68. Rb6+ Ke7 69. Rd6 Bb7 70. Nd3 Rh3+ 71. Kd2 Bc8 72.
Nf4 Be6 73. Rxe6+ fxe6 74. Nxh3 1-0

[Event "OLNO 2122 SK König Tegel II - SV Empor"]
[Site "?"]
[Date "2021.11.21"]
[Round "2.7"]
[White "Jahn, Thomas"]
[Black "Acikel, Mert"]
[Result "0-1"]
[WhiteElo "2166"]
[BlackElo "2162"]
[PlyCount "64"]
[EventDate "2021.??.??"]

1. e4 e5 2. f4 d5 3. exd5 exf4 4. Nf3 Nf6 5. Bc4 Qe7+ 6. Qe2 Qxe2+ 7. Kxe2 Bd6
8. Nc3 a6 9. d4 b5 10. Bb3 Bb7 11. Kd3 O-O 12. Ne5 c5 13. dxc6 Nxc6 14. Nxc6
Bxc6 15. d5 Bd7 16. Rf1 Bf5+ 17. Kd2 Rfe8 18. Ne2 Ne4+ 19. Kd1 Bg4 20. Bxf4 Nc5
21. Rf3 Bxf3 22. gxf3 Rxe2 23. Bxd6 Rae8 24. Bxc5 Re1+ 25. Kd2 Rxa1 26. d6 Rd8
27. Bd5 Rh1 28. b4 Rxh2+ 29. Kd3 Rh6 30. Ke4 Rhxd6 31. c4 bxc4 32. Bxc4 h5 0-1

[Event "OLNO 2122 SK König Tegel II - SV Empor"]
[Site "?"]
[Date "2021.11.21"]
[Round "2.8"]
[White "Niehaus, Frank"]
[Black "Dimitriadis, Pavlos"]
[Result "1/2-1/2"]
[WhiteElo "2055"]
[BlackElo "1972"]
[PlyCount "44"]
[EventDate "2021.??.??"]

1. e4 e5 2. f4 Nc6 3. Nf3 exf4 4. Nc3 g5 5. g3 Bg7 6. d4 d6 7. d5 Ne5 8. Bb5+
Bd7 9. Bxd7+ Qxd7 10. gxf4 Nxf3+ 11. Qxf3 g4 12. Qd3 O-O-O 13. Be3 a6 14. O-O-O
f5 15. Bd4 fxe4 16. Nxe4 h6 17. Qc3 Rh7 18. Rhf1 Kb8 19. f5 Bxd4 20. Qxd4 Rf8
21. f6 Rhf7 22. Rf4 Qe8 1/2-1/2

[Event "OLNO 2122 Forster SC 95 - TSG Oberschö"]
[Site "?"]
[Date "2021.11.21"]
[Round "2.1"]
[White "Rosenthal, Dirk"]
[Black "Aliavdin, Nikolai"]
[Result "1-0"]
[WhiteElo "2390"]
[BlackElo "2321"]
[PlyCount "71"]
[EventDate "2021.??.??"]

1. e4 c5 2. Nf3 d6 3. d4 cxd4 4. Nxd4 Nf6 5. Nc3 a6 6. h3 g6 7. Bc4 Bg7 8. O-O
O-O 9. Bg5 Nc6 10. Nxc6 bxc6 11. Qd2 Rb8 12. Rad1 Nd7 13. Bh6 Ne5 14. Bxg7 Kxg7
15. Bb3 Qb6 16. Kh1 Be6 17. Bxe6 fxe6 18. b3 Rf7 19. f4 Rbf8 20. Ne2 c5 21. f5
exf5 22. Nf4 Kh8 23. Ne6 Rg8 24. Qh6 Qb7 25. Rf4 Qc8 26. Ng5 Rgg7 27. Rh4 f4
28. Rf1 f3 29. gxf3 c4 30. Nxf7+ Rxf7 31. Qe3 cxb3 32. cxb3 g5 33. Qxg5 Nxf3
34. Qe3 Qc2 35. Rxf3 Qd1+ 36. Kg2 1-0

[Event "OLNO 2122 Forster SC 95 - TSG Oberschö"]
[Site "?"]
[Date "2021.11.21"]
[Round "2.2"]
[White "Kleeschaetzky, Rainer"]
[Black "Horn, Sven"]
[Result "1-0"]
[WhiteElo "2290"]
[BlackElo "2085"]
[PlyCount "41"]
[EventDate "2021.??.??"]

1. e4 e5 2. Nf3 Nc6 3. Bb5 Nf6 4. d3 d6 5. h3 h6 6. c3 Bd7 7. Ba4 Ne7 8. Bb3
Ng6 9. Be3 c6 10. Nbd2 d5 11. Qc2 Qc7 12. d4 Nxe4 13. Nxe4 dxe4 14. Nxe5 Nxe5
15. Qxe4 O-O-O 16. dxe5 Re8 17. f4 f6 18. e6 Kb8 19. f5 Bd6 20. O-O-O Ka8 21.
Qd4 1-0

[Event "OLNO 2122 Forster SC 95 - TSG Oberschö"]
[Site "?"]
[Date "2021.11.21"]
[Round "2.3"]
[White "Schoewel, Matthias"]
[Black "Bielinski, Dariusz"]
[Result "1/2-1/2"]
[WhiteElo "2218"]
[BlackElo "2102"]
[PlyCount "118"]
[EventDate "2021.??.??"]

1. e4 d6 2. d4 g6 3. Be3 Bg7 4. Qd2 Nd7 5. Bd3 e5 6. c3 Qe7 7. Ne2 Ngf6 8. f3
d5 9. O-O dxe4 10. fxe4 exd4 11. Bxd4 O-O 12. Qf4 c5 13. Bf2 Ne5 14. Bc2 Nfg4
15. h3 Nxf2 16. Qxf2 Nc4 17. b3 Nb6 18. Nd2 Rd8 19. Rad1 c4 20. Nd4 Be6 21.
N2f3 Bd7 22. Kh1 Be8 23. Qg3 Rac8 24. b4 Nd7 25. Ba4 Ne5 26. Bxe8 Rxe8 27. Nb5
Rcd8 28. Nxa7 Ra8 29. Nb5 Rxa2 30. Rd5 Ra6 31. Nxe5 Bxe5 32. Qg4 h5 33. Qd7 Ra2
34. Qxe7 Rxe7 35. Rc5 Re2 36. Rxc4 Bg3 37. Nd4 R2xe4 38. Rc8+ Kg7 39. Nf3 Rc7
40. Rxc7 Bxc7 41. Rd1 Re3 42. Rc1 Bf4 43. Rc2 g5 44. Kg1 Bg3 45. Rc1 Kg6 46.
Kf1 f5 47. c4 Rb3 48. b5 g4 49. Nd4 Rd3 50. Ne2 Be5 51. hxg4 hxg4 52. c5 f4 53.
c6 bxc6 54. bxc6 Rd8 55. Nc3 Kf5 56. Nb5 Rh8 57. Kf2 Ke4 58. c7 Rc8 59. Rc4+
Kd5 1/2-1/2

[Event "OLNO 2122 Forster SC 95 - TSG Oberschö"]
[Site "?"]
[Date "2021.11.21"]
[Round "2.4"]
[White "Dabrowski, Grzegorz"]
[Black "Postler, Reinhard"]
[Result "0-1"]
[WhiteElo "2017"]
[BlackElo "2217"]
[PlyCount "134"]
[EventDate "2021.??.??"]

1. e4 c5 2. Nf3 e6 3. Nc3 a6 4. d4 cxd4 5. Nxd4 Qc7 6. Bd3 Nc6 7. Be3 Nf6 8.
O-O Be7 9. Kh1 d6 10. f4 O-O 11. Qf3 Bd7 12. Rae1 b5 13. g4 Nxd4 14. Bxd4 Bc6
15. g5 Ne8 16. Nd5 exd5 17. exd5 Bb7 18. Qe4 g6 19. Qxe7 Bxd5+ 20. Kg1 Qxe7 21.
Rxe7 Ng7 22. Rd1 Ne6 23. Be3 Rac8 24. f5 Ng7 25. f6 Ne6 26. Rd7 Nc5 27. Rxd6
Nxd3 28. Rxd3 Bxa2 29. Rxa6 Bb1 30. Rd5 Rfe8 31. Rc5 Rxc5 32. Bxc5 Bxc2 33. Rc6
Bb3 34. Be7 Bc4 35. Kf2 h6 36. h4 hxg5 37. hxg5 Rb8 38. Ke3 Be6 39. Kd4 b4 40.
Ke5 Rb5+ 41. Bc5 b3 42. Kd6 Rb7 43. Ke5 Rb5 44. Kd4 Rb8 45. Ra6 Rd8+ 46. Bd6
Rc8 47. Ra7 Rc4+ 48. Ke5 Rg4 49. Ra8+ Kh7 50. Bf8 Rxg5+ 51. Kd4 Rg2 52. Ra1 g5
53. Rh1+ Kg6 54. Rh6+ Kf5 55. Ba3 g4 56. Ke3 Kg5 57. Rh8 Kxf6 58. Bb4 Rg3+ 59.
Ke2 Kf5 60. Bc3 Ke4 61. Rd8 Rg2+ 62. Kf1 Rc2 63. Rd2 Ke3 64. Rd8 g3 65. Kg1 Bf5
66. Be5 Be4 67. Bd4+ Kf3 0-1

[Event "OLNO 2122 Forster SC 95 - TSG Oberschö"]
[Site "?"]
[Date "2021.11.21"]
[Round "2.5"]
[White "Boewer, Roland"]
[Black "Stahr, Ralf-Peter"]
[Result "1-0"]
[WhiteElo "2160"]
[BlackElo "2124"]
[PlyCount "93"]
[EventDate "2021.??.??"]

1. Nf3 c5 2. e4 Nc6 3. Be2 Nf6 4. d3 d5 5. Nbd2 e5 6. O-O Be7 7. Re1 d4 8. Nc4
Qc7 9. a4 O-O 10. g3 Ne8 11. Bf1 b6 12. Bg2 a6 13. Rf1 Rb8 14. Nfxe5 Nxe5 15.
Nxe5 Be6 16. f4 f6 17. Nf3 Rd8 18. Qe2 c4 19. f5 cxd3 20. cxd3 Bb3 21. Bf4 Bd6
22. Nxd4 Bxf4 23. Nxb3 Be5 24. Rfd1 Qf7 25. Qc2 Bd4+ 26. Kh1 Qd7 27. Qc4+ Rf7
28. Nxd4 Qxd4 29. Qxd4 Rxd4 30. Rdc1 Rc7 31. Rxc7 Nxc7 32. Bf1 a5 33. Rc1 Na6
34. Rc6 Nc5 35. Rxb6 Nxa4 36. Rb5 Rb4 37. Rxa5 Nxb2 38. Be2 Rb3 39. d4 Re3 40.
Bh5 Kf8 41. e5 fxe5 42. dxe5 Nc4 43. Ra8+ Ke7 44. Ra7+ Kd8 45. f6 gxf6 46. exf6
Nd6 47. f7 1-0

[Event "OLNO 2122 Forster SC 95 - TSG Oberschö"]
[Site "?"]
[Date "2021.11.21"]
[Round "2.6"]
[White "Szylko, Waldemar"]
[Black "Jauk, Wilhelm"]
[Result "0-1"]
[WhiteElo "1900"]
[BlackElo "2153"]
[PlyCount "92"]
[EventDate "2021.??.??"]

1. e4 d5 2. Nc3 d4 3. Nce2 e5 4. d3 c5 5. f4 f6 6. Nf3 Nc6 7. g3 Bd6 8. Bg2
Nge7 9. O-O Be6 10. h3 h5 11. Bd2 Qd7 12. f5 Bf7 13. a3 O-O-O 14. b3 g6 15. Nh4
gxf5 16. Nxf5 Nxf5 17. exf5 Rdg8 18. Be4 Bf8 19. Kh2 Bh6 20. Bxh6 Rxh6 21. Ng1
Ne7 22. Nf3 Rh7 23. Nh4 Rhg7 24. Rg1 Nd5 25. Bxd5 Qxd5 26. Qe2 Be8 27. Rae1 Rg5
28. Ref1 Bd7 29. Rf2 Re8 30. Re1 Qg8 31. Rg1 Bc6 32. Qd2 e4 33. dxe4 Rxe4 34.
Rf4 Re3 35. Ng6 Qe8 36. Rf2 Rxf5 37. Nf4 Rg5 38. h4 Rg4 39. b4 Qe5 40. bxc5
Rxa3 41. Re2 Qxc5 42. Qe1 Re3 43. Rxe3 dxe3 44. Qd1 Qe5 45. Qd3 Rxf4 46. gxf4
Qxf4+ 0-1

[Event "OLNO 2122 Forster SC 95 - TSG Oberschö"]
[Site "?"]
[Date "2021.11.21"]
[Round "2.7"]
[White "Lange, Cecilia"]
[Black "Zeihser, Michael"]
[Result "1/2-1/2"]
[WhiteElo "1977"]
[BlackElo "2171"]
[PlyCount "38"]
[EventDate "2021.??.??"]

1. e4 c5 2. Nf3 d6 3. d4 cxd4 4. Nxd4 Nf6 5. Nc3 a6 6. Be3 e5 7. Nb3 Be6 8. f3
h5 9. Qd2 Nbd7 10. Nd5 Bxd5 11. exd5 g6 12. Be2 Bg7 13. O-O O-O 14. c4 b6 15.
Rae1 a5 16. Na1 Nc5 17. Nc2 a4 18. Na3 Ne8 19. Bh6 f5 1/2-1/2

[Event "OLNO 2122 Forster SC 95 - TSG Oberschö"]
[Site "?"]
[Date "2021.11.21"]
[Round "2.8"]
[White "Stark, Eduard"]
[Black "Stark, Ingo"]
[Result "0-1"]
[WhiteElo "2015"]
[BlackElo "2087"]
[PlyCount "148"]
[EventDate "2021.??.??"]

1. e4 c5 2. Nf3 d6 3. d4 cxd4 4. Nxd4 Nf6 5. f3 e5 6. Nb5 a6 7. N5c3 Be6 8. Bg5
Nbd7 9. Nd5 Bxd5 10. exd5 Qa5+ 11. Nc3 b5 12. a3 Rc8 13. Be2 Be7 14. Be3 Qc7
15. O-O Qb7 16. Qd2 O-O 17. Rfd1 Bd8 18. Ne4 Nxe4 19. fxe4 Bb6 20. Bxb6 Qxb6+
21. Kh1 Nc5 22. Bf3 a5 23. Re1 b4 24. b3 Rc7 25. a4 Nd7 26. Be2 Qc5 27. Bb5 Nb8
28. Bc4 Rfc8 29. Rac1 Nd7 30. Bb5 Nb8 31. Bc4 Qa7 32. Qe2 Rc5 33. Bb5 Qc7 34.
Bc4 Qe7 35. Bd3 Qg5 36. Bc4 g6 37. Rf1 R5c7 38. Rcd1 Rf8 39. Qf2 Nd7 40. Qe2
Nc5 41. Bb5 Kg7 42. g4 Rh8 43. Rf2 h5 44. Rg1 hxg4 45. Rxg4 Qe7 46. Qf3 Rcc8
47. Qf5 Rcf8 48. Rfg2 Qf6 49. Rf2 Nxe4 50. Qxf6+ Nxf6 51. Rc4 Nxd5 52. Rc6 Nc3
53. Rc7 Ne4 54. Rf3 Ng5 55. Rd3 Rc8 56. Rxc8 Rxc8 57. Bc4 Ne4 58. Rd5 Rc5 59.
Rxc5 Nxc5 60. Kg2 f5 61. Kf3 Ne4 62. Ba6 Nc3 63. Bc8 Kf6 64. h4 g5 65. hxg5+
Kxg5 66. Ba6 f4 67. Bc8 e4+ 68. Kf2 d5 69. Bd7 d4 70. Bb5 Kf6 71. Ba6 Ke5 72.
Bc4 f3 73. Ba6 Nd1+ 74. Ke1 Ne3 0-1

[Event "OLNO 2122 SC Kreuzberg - SV Glückauf R"]
[Site "?"]
[Date "2021.11.21"]
[Round "2.1"]
[White "Leniart, Arkadiusz"]
[Black "Moritz, Aron"]
[Result "1-0"]
[WhiteElo "2465"]
[BlackElo "2216"]
[PlyCount "55"]
[EventDate "2021.??.??"]

1. e4 g6 2. d4 Bg7 3. Nc3 d6 4. Nf3 Nf6 5. Bg5 h6 6. Bxf6 Bxf6 7. e5 Bg7 8. Bc4
e6 9. Qe2 dxe5 10. dxe5 a6 11. h4 Nc6 12. Qe3 b6 13. Bd3 Bb7 14. O-O-O Qe7 15.
Be4 Rd8 16. Rxd8+ Kxd8 17. Nd4 Qe8 18. Rd1 Kc8 19. Qf3 Nd8 20. Bxb7+ Nxb7 21.
Nc6 Rf8 22. Ne4 g5 23. b4 g4 24. Qc3 f5 25. exf6 Rxf6 26. Nxf6 Qf7 27. Qd3 Bxf6
28. Qxa6 1-0